00936nam a2200253 a 450000100100000000500170001000800410002704000250006804100380009308200150013110000400014624000270018624500680021326000480028130000260032949000200035553400350037550000660041070000320047683000290050804900090053795201190054699900170066500002524520200930023645.0110211s1971 sp r 000 0 spa d aDO-SdBNPbspacBNPHU17aspaheng2Código de idioma MARC aNNNbB779g1 aBouthoul, Gaston,d1899-198095173710aLa guerre.lEspañol.10aLa guerra /cGaston Bouthoul ; traducción de Johanna Givanel. aBarcelona, (España) :bOikos- tau,c1971. a126, [1] p. ;c18 cm.1 aQué sé?v44 aTítulo original:tLa guerre. aIncluye refererncias bibliográficas al pie de las páginas1 aGivanel, Johannaetr951738 0aQué sé? ;v44927270 aBNGR 001054708MOaGRbGRcCTd2011-02-11iLF1l0oNNN B779gp25245-10r2020-06-25w2020-06-25y4ZPréstamo en sala c24738d24738